Invicta Ecclesiae Lutheranae Veritas

Podrobná bibliografia
Hlavný autor: Müller, Daniel, 1612-1686 (Autor, Autor práce, Autor úvodu atď.)
Korporatívny autor: Wittigau, Johann (Lipsko, Nemecko) (Tlačiar)
Ďalší autori: Wittigau, Johann, 1616-1671 (Tlačiar)
Médium: Diplomová práca Kniha
Jazyk:latinčina
Fyzický popis:3 nečíslované listy, 74 strán 4°
Predmet:

MARC

LEADER 00000nam a2200000 4500
001 vtls011982117
003 SK-MaSNL
005 20260301103236.0
008 251112s1668 gw f 000 0 lat
015 |a SNBHFA1668 
040 |a SNKHF  |b slo  |c SNKHF  |e rda 
041 0 |a lat 
044 |a gw  |c DE 
072 7 |a 378  |x Vysoké školy  |2 konspekt 
080 |a 82‑991  |2 2011 
080 |a 2‑21  |2 2011 
080 |a (043.3)  |2 2011 
100 1 |a Müller, Daniel,  |d 1612-1686  |4 aut  |4 dis  |4 aui  |9 440191 
245 1 0 |a Invicta Ecclesiae Lutheranae Veritas  |c evicta Per Veritetis Ecclesiae Lutheranae Defensionem, & falsitatis Romano-Pontificiae Manifestationem, Iussu & Auctoritate Maxime Revir. Et Amplissimi Collegii Theolog. Pro Gradu Doctoris in Solenni Doctorali Panegyri D. I. Octobr. A. E. C. MDLXVIII. In Templo Academico celebri, ; Examini publico subiecta a Daniele Mullero, Graeco-Varisco, S. S. Theologiae Licentiato, ad D. Nicol. Archi-Diacono 
264 3 |a Lipsiae  |b Typis Johann. Wittigau  |c MDCLXVIII (1668) 
300 |a 3 nečíslované listy, 74 strán  |c 4° 
336 |a text  |b txt  |2 rdacontent 
337 |a bez média  |b n  |2 rdamedia 
338 |a zväzok  |b nc  |2 rdacarrier 
500 |a Vinety, vlysy, iniciálka s ornamentálnym pozadím vo voľnom priestore na 6 riadkov 
501 |a Príväzok 3. k: UTHE, Justus Christian. Disputatio Theologica De Mensura Peccatorum Impleta, Gen. XV, 16. Matth. XXIII, 32. Vitembergae: Typis Krevsigianis, 1702.  |5 SNK ID 103065 
502 |c Dizertačná práca (Doktor) -- Univerzita v Lipsku, Lipsko, 1668. 
504 |a Kustody 
508 |a Predslov autora 
510 4 |a VD 17  |c 39:165099C 
546 |a Latinčina  |b Antiqua  |b Kurzíva 
546 |a Gréčtina  |b Antikva 
546 |a Hebrejčina  |b Fraktúra 
550 |a Chybný rok tlače na titulnom liste: MDCLXVII (1568) 
561 |a Z knižnice Učenej spoločnosti malohontskej.  |5 SNK ID 103065/prív.3 
650 0 7 |a teológia  |2 SNKPH  |9 1814 
650 0 7 |a záverečné práce  |2 SNKPH  |9 75084 
650 0 7 |a dizertácie  |2 SNKPH  |9 4040 
700 1 |a Wittigau, Johann,  |d 1616-1671  |4 prt  |9 353731 
710 2 |a Učená spoločnosť malohontská  |4 fmo  |9 205374 
710 0 |a Wittigau, Johann (Lipsko, Nemecko)  |4 prt  |9 353732 
752 |a Nemecko  |d Lipsko 
852 |a snk  |b Historické fondy  |p ID 103065/prív.3 
958 |a DC 
958 |a ONDV 
999 |c 694549  |d 696479 
952 |t MHC 1600  |a SNK  |b SNK  |c SNK_HF  |y PREZ  |7 0  |p 17A1358137  |o snkID 103065/prív.3  |i snk2020/4582  |8 5  |z 3. príväzok  |0 0  |1 0  |4 0  |d 2020-07-16  |l 0  |r 2026-02-23 20:38:23  |w 2026-02-23